Processing of fish sauce in sihanouk ville, ការកែច្នៃទឹកត្រី នៅក្រុងព្រះសីហនុ (Record no. 3697)
[ view plain ]
| 000 -LEADER | |
|---|---|
| fixed length control field | 00500nam a22001577a 4500 |
| 003 - CONTROL NUMBER IDENTIFIER | |
| control field | OSt |
| 005 - DATE AND TIME OF LATEST TRANSACTION | |
| control field | 20151128111651.0 |
| 008 - FIXED-LENGTH DATA ELEMENTS--GENERAL INFORMATION | |
| fixed length control field | 151128b xxu||||| |||| 00| 0 eng d |
| 040 ## - CATALOGING SOURCE | |
| Transcribing agency | RUA |
| 082 ## - DEWEY DECIMAL CLASSIFICATION NUMBER | |
| Classification number | FIS NUO 1996 B164 Or.1 |
| 100 ## - MAIN ENTRY--PERSONAL NAME | |
| 9 (RLIN) | 3976 |
| Personal name | NUON, RITHY. |
| 245 ## - TITLE STATEMENT | |
| Title | Processing of fish sauce in sihanouk ville, ការកែច្នៃទឹកត្រី នៅក្រុងព្រះសីហនុ |
| 260 ## - PUBLICATION, DISTRIBUTION, ETC. (IMPRINT) | |
| Place of publication, distribution, etc. | Phnom Penh |
| Name of publisher, distributor, etc. | RUA |
| Date of publication, distribution, etc. | 1996 |
| 300 ## - PHYSICAL DESCRIPTION | |
| Extent | 59p. |
| Other physical details | ill. |
| Dimensions | 29cm. |
| 942 ## - ADDED ENTRY ELEMENTS (KOHA) | |
| Source of classification or shelving scheme | |
| Koha item type | FIS |
| Price effective from | Date last seen | Permanent Location | Not for loan | Date acquired | Source of classification or shelving scheme | Koha item type | Lost status | Withdrawn status | Date last checked out | Total Checkouts | Shelving location | Damaged status | Barcode | Current Location | Full call number |
|---|---|---|---|---|---|---|---|---|---|---|---|---|---|---|---|
| 2015-11-28 | 2015-11-28 | Library Block B | 2015-11-28 | FIS | B164 | RUA027459 | Library Block B | FIS NUO 1996 B164 Or.1 | |||||||
| 2015-11-28 | 2015-11-28 | Library Block B | 2015-11-28 | FIS | B164 | RUA010523 | Library Block B | FIS NUO 1996 B164 Or.2 | |||||||
| 2015-11-28 | 2016-07-13 | Library Block B | 2015-11-28 | FIS | 2016-07-04 | 2 | B164 | RUA026884 | Library Block B | FIS NUO 1996 B164 Or.3 | |||||
| 2015-11-28 | 2018-07-20 | Library Block B | 2015-11-28 | FIS | 2018-05-12 | 1 | B164 | RUA043378 | Library Block B | FIS NUO 1996 B164 Or.4 | |||||
| 2015-11-28 | 2019-01-25 | Library Block B | 2015-11-28 | FIS | 2019-01-18 | 4 | B164 | RUA025580 | Library Block B | FIS NUO 1996 B164 Or.5 | |||||
| 2015-11-28 | 2022-01-17 | Library Block B | 2015-11-28 | FIS | 2022-01-05 | 2 | B164 | RUA027612 | Library Block B | FIS NUO 1996 B164 Or.6 | |||||
| 2015-11-28 | 2015-11-28 | Library Block B | 2015-11-28 | FIS | B164 | RUA027131 | Library Block B | FIS NUO 1996 B164 Or.7 | |||||||
| 2015-11-28 | 2015-11-28 | Library Block B | 2015-11-28 | FIS | B164 | RUA026956 | Library Block B | FIS NUO 1996 B164 Or.8 | |||||||
| 2016-05-19 | 2016-11-28 | Library Block B | 2016-05-19 | FIS | 2016-11-22 | 1 | RUA011306 | Library Block B | FIS NUO 1996 B164 Or.9 |